| 000 | 02007cam a22003015a 4500 | ||
|---|---|---|---|
| 001 | 17963595 | ||
| 005 | 20161127105121.0 | ||
| 008 | 131203t2014 caua frb 001 0 eng d | ||
| 020 | _a9781118410554 | ||
| 040 |
_aDNLM/DLC _cDLC _beng _dEG-ScBUE |
||
| 082 | 0 | 4 |
_a362.12 _222 _bSHA |
| 100 | 1 | _aSharma, Manoj. | |
| 245 | 1 | 0 |
_aIntroduction to community and public health / _cby Manoj Sharma, Paul Branscum, and Ashutosh Atri. |
| 260 |
_aSan Francisco : _bJossey-Bass, A Wiley Brand, _cc.2014. |
||
| 300 |
_axxvi, 545 p. : _bill. ; _c24 cm. |
||
| 504 | _aIncludes bibliographical references and index. | ||
| 505 | 0 | _aIntroduction to community and public health -- Descriptive epidemiology in community and public health -- Analytical epidemiology in community and public health -- Descriptive biostatistics in community and public health -- Inferential biostatistics in community and public health -- Social and behavioral sciences in community and public health -- Models in health education and health promotion -- Theories in health education and health promotion -- Methods in health education and health promotion -- Population dynamics and control -- Air, water, and noise pollution -- Injury control and other environmental issues -- Organization, financing and delivery of health services, and public health systems in the US -- Program planning, budgeting, management, and evaluation in community initiatives -- Systems thinking and leadership in community and public health. | |
| 650 | 1 | 2 |
_aCommunity Health Planning. _2BUEsh |
| 650 | 7 |
_aPublic Health. _2BUEsh |
|
| 650 | 7 |
_aBiostatistics. _2BUEsh |
|
| 650 | 7 |
_aHealth education. _2BUEsh _912967 |
|
| 651 | _2BUEsh | ||
| 653 |
_bNNUR _cNovember2016 |
||
| 700 | 1 | _aBranscum, Paul. | |
| 700 | 1 | _aAtri, Ashutosh. | |
| 776 | 0 | 8 |
_iOnline version: _aSharma, Manoj, author. _tIntroduction to community and public health _bFirst edition. _dSan Francisco, CA : Jossey-Bass & Pfeiffer Imprints, Wiley, [2014] _z9781118448373 _w(DLC) 2013048799 |
| 942 | _2ddc | ||
| 999 |
_c23338 _d23310 |
||